Sharing knowledge, transforming societies : the Norhed Programme 2013-2020 /

Bibliographic Details
Other Authors: Halvorsen, Tor, (Editor), Orgeret, Kristin Skare, (Editor), Krvel, Roy, (Editor)
Format: eBook
Language:English
Published: Cape Town, South Africa : African Minds, 2019.
Subjects:
Online Access:Click to View
LEADER 01700nam a2200409 i 4500
001 EBC5975721
003 MiAaPQ
005 20191206105203.0
006 m o d |
007 cr cnu||||||||
008 191206s2019 sa o 000 0 eng d
020 |z 9781928502005 
020 |a 9781928502012 (e-book) 
035 |a (MiAaPQ)EBC5975721 
035 |a (Au-PeEL)EBL5975721 
035 |a (OCoLC)1127279476 
040 |a MiAaPQ  |b eng  |e rda  |e pn  |c MiAaPQ  |d MiAaPQ 
050 4 |a HN49.C6  |b .S537 2019 
082 0 |a 307.14  |2 23 
245 0 0 |a Sharing knowledge, transforming societies :  |b the Norhed Programme 2013-2020 /  |c edited by Tor Halvorsen, Kristin Skare Orgeret, Roy Krovel. 
264 1 |a Cape Town, South Africa :  |b African Minds,  |c 2019. 
300 |a 1 online resource (612 pages) 
336 |a text  |b txt  |2 rdacontent 
337 |a computer  |b c  |2 rdamedia 
338 |a online resource  |b cr  |2 rdacarrier 
588 |a Description based on print version record. 
590 |a Electronic reproduction. Ann Arbor, MI : ProQuest, 2018. Available via World Wide Web. Access may be limited to ProQuest affiliated libraries. 
650 0 |a Community development. 
650 0 |a Education, Higher. 
650 0 |a Education and state. 
655 4 |a Electronic books. 
700 1 |a Halvorsen, Tor,  |e editor. 
700 1 |a Orgeret, Kristin Skare,  |e editor. 
700 1 |a Krvel, Roy,  |e editor. 
776 0 8 |i Print version:  |t Sharing knowledge, transforming societies : the Norhed Programme 2013-2020.  |d Cape Town, South Africa : African Minds, 2019   |h 612 pages   |z 9781928502005 
797 2 |a ProQuest (Firm) 
856 4 0 |u https://ebookcentral.proquest.com/lib/matrademy/detail.action?docID=5975721  |z Click to View